000 00804nam a2200241Ia 4500
003 GCL
008 140319s9999 xx 000 0 ara d
040 _aGCL /
_cGCL
082 0 4 _a621.184
_bم ت
100 1 _aمحمد ابوهاشم السيد
245 1 0 _aتكنولوجيا المراجل البخارية واجهزة التحكم الالى /
_cمحمد ابوهاشم السيد
700 1 _aحسن على الصياد ( اشراف )
260 _a[S.N] :
_bدار الصفوة للنشر والتوزيع ،
_c1991
300 _a270 ص
490 _a
650 0 4 _aالحرارة
650 0 4 _aالبخار
650 0 4 _aمواصفات الامان
650 0 4 _aالمراجل
650 0 4 _aالتحكم الالى للمراجل
650 0 4 _aالتبخير
942 _2ddc
_cBK
999 _c56103
_d56103